Normal view
MARC view
Entry Topical Term
001 - CONTROL NUMBER
- control field: 25758
003 - CONTROL NUMBER IDENTIFIER
- control field: OSt
005 - DATE AND TIME OF LATEST TRANSACTION
- control field: 20230612150528.0
008 - FIXED-LENGTH DATA ELEMENTS
- fixed length control field: 230612|| aca||aabn | a|a d
040 ## - CATALOGING SOURCE
- Original cataloging agency: OSt
- Transcribing agency: OSt
150 ## - HEADING--TOPICAL TERM
- Topical term or geographic name entry element: လၢႆးတႅမ်ႈလိၵ်ႈ - လိၵ်ႈလၢႆးတႆး
670 ## - SOURCE DATA FOUND
- Source citation: Work cat.: (OSt): ၼၼ်ႇတိယ(ပၢင်လူင်)၊ ၸဝ်ႈ။ 24566, ၶူးလၢႆးတႅမ်ႈ - ႁေႃးလိၵ်ႈလင်ႇၵႃႇ၊ ၵႂၢမ်း၊ ပိၼ်ႇၽႃႇသႃႇလိၵ်ႈမၢၼ်ႈ /, 2012 ။